Datum a čas kvízu
17.5
Celkem bodů
Celkový počet nahraných bodů na tomto kvízu bez doplňovacích otázek.
4.
Pořadí na kvízu
Konečné umístění týmu na tomto kvízu.
Zaznamenané odpovědi
| # | Otázka | Odpověď | Body | Výsledky |
|---|---|---|---|---|
| 1. | Ministerstvo vnitra připustilo... | Denisa Rohanová | 0 | |
| 2. | Minulý týden bylo oznámeno obn... | Moskvič | 0 | |
| 3. | V úterý se v pražském Kině Luc... | Král Šumavy | 0 | |
| 4. | V pondělí, po pěti dnech letu,... | Orion | 0 | |
| 5. | V jednom z pátečních zápasů pr... | Walesu | 0 | |
| 6. | V následujících pěti otázkách... | bar, torr, atmosféra / pascal | 0 | |
| 7. | Odvozená jednotka SI elektrick... | farad | 0 | |
| 8. | Jaký odpor v ohmech má spotřeb... | 20 Ω | 1 | |
| 9. | Přiřaďte tyto jednotky k přísl... | 1D 2A 3B 4C | 0 | |
| 10. | Uzel je jednotka rychlosti pou... | B | 0 |